Navegué en tu cuerpo / (Registro nro. 6987)
[ vista simple ]
| 000 -LEADER | |
|---|---|
| fixed length control field | 00845nam a22002417a 4500 |
| 003 - CONTROL NUMBER IDENTIFIER | |
| control field | OSt |
| 005 - DATE AND TIME OF LATEST TRANSACTION | |
| control field | 20201028093239.0 |
| 008 - FIXED-LENGTH DATA ELEMENTS--GENERAL INFORMATION | |
| fixed length control field | 201028s2017 ck a|||gr|||| 00| 0 spa d |
| 020 ## - INTERNATIONAL STANDARD BOOK NUMBER | |
| International Standard Book Number | 9789584820815 |
| 040 ## - CATALOGING SOURCE | |
| Original cataloging agency | CO-JMCR |
| Transcribing agency | CO-JMCR |
| 041 0# - LANGUAGE CODE | |
| Language code of text/sound track or separate title | spa |
| 082 04 - DEWEY DECIMAL CLASSIFICATION NUMBER | |
| Classification number | P / |
| Item number | HERn |
| Edition number | 23 |
| 100 1# - MAIN ENTRY--PERSONAL NAME | |
| Personal name | Herrera Caipa, Diego, |
| Relator term | autor |
| 9 (RLIN) | 12076 |
| 245 10 - TITLE STATEMENT | |
| Title | Navegué en tu cuerpo / |
| Statement of responsibility, etc. | Diego Herrera Caipa ; editor, Alexander Cossio Gil |
| 260 ## - PUBLICATION, DISTRIBUTION, ETC. | |
| Place of publication, distribution, etc. | Medellín (Colombia) : |
| Name of publisher, distributor, etc. | D. Herrera Caipa, |
| Date of publication, distribution, etc. | 2017. |
| 300 ## - PHYSICAL DESCRIPTION | |
| Extent | [130] páginas : |
| Other physical details | ilustraciones a color ; |
| Dimensions | 22 cm. |
| 500 ## - GENERAL NOTE | |
| General note | Datos biográficos del autor. |
| 650 ## - SUBJECT ADDED ENTRY--TOPICAL TERM | |
| Topical term or geographic name entry element | Poesía colombiana |
| Chronological subdivision | Siglo XXI |
| 9 (RLIN) | 12077 |
| 650 ## - SUBJECT ADDED ENTRY--TOPICAL TERM | |
| Topical term or geographic name entry element | Amor en la poesía |
| Chronological subdivision | Siglo XXI |
| 9 (RLIN) | 12078 |
| 650 ## - SUBJECT ADDED ENTRY--TOPICAL TERM | |
| Topical term or geographic name entry element | Romanticismo en la poesía |
| Chronological subdivision | Siglo XXI |
| 9 (RLIN) | 12079 |
| 700 1# - ADDED ENTRY--PERSONAL NAME | |
| Personal name | Cossio Gil, Diego, |
| Relator term | prologuista |
| 9 (RLIN) | 12080 |
| 942 ## - ADDED ENTRY ELEMENTS (KOHA) | |
| Source of classification or shelving scheme | Dewey Decimal Classification |
| Koha item type | Books |
| Withdrawn status | Lost status | Source of classification or shelving scheme | Damaged status | Not for loan | Home library | Current library | Shelving location | Date acquired | Source of acquisition | Total Checkouts | Full call number | Barcode | Date last seen | Date last checked out | Copy number | Price effective from | Koha item type |
|---|---|---|---|---|---|---|---|---|---|---|---|---|---|---|---|---|---|
| Dewey Decimal Classification | Biblioteca Pública José María del Castillo y Rada | Biblioteca Pública José María del Castillo y Rada | General Stacks | 10/02/2020 | Donación | 5 | P / HERn | 201810012 | 08/11/2025 | 08/08/2025 | Ej.1 | 10/02/2020 | Books |